000 00552nam a2200217Ia 4500
003 OSt
005 20220928144604.0
006 a|||||r|||| 00| 0
007 ta
008 220927b |||||||| |||| 00| 0 eng d
024 _a72296
037 _cTextual
040 _aSDCL
_cSDCL
_beng
041 _2eng
_aeng
082 _az2wM37, L6
100 _aDandekar R N Ed.
245 0 _aRamakrishna Gopal Bhandarkar
_b As an indologist.
260 _c1976
942 _hz2wM37, L6
_cTEXL
_2CC
999 _c828352
_d828352